00553nam a2200145Ia 4500008004100000024004100041082001600082100006100098245004000159260002500199600002100224650003800245952010700283999001700390250506s9999 xx 000 0 und d a11B-79-BS, 11B-71-BS & 11B-58-BS a005.072 RIZ aRizwan-ul-Haque, Hafiz Maaz Uddin & Abdul Rehman Lakhani 0aQHRS(Quick Health Response Service) aKarachi:bUIT,c2011 aComputer Science aBachelor of Computer Science (BS) 001040708PR-CSaUITUbUITUd2022-07-26l0o005.072 RIZpBS-574r2025-05-06 11:34:39w2025-05-06yPR c28839d28839